000 00680nam a2200205 i 4500
001 101666
003 ES-MaACL
005 20260204063012.0
007 t|
008 051021s1926 sp ||||1| spa d
100 1 _aAlmela Meliá, Juan,
_d1882-1970
_9172454
245 1 0 _aPablo Iglesias
_b: rasgos de su vida íntima /
_ccontados por Juan A. Meliá.
260 _aMadrid :
_bJavier Morata,
_c1926 (
_fSamarán y Cía.)
300 _aXIV, 223 p. :
_bil. ;
_c20 cm.
490 1 _aBiblioteca de vanguardia
600 1 4 _aIglesias, Pablo,
_d1850-1925
_9242571
830 1 _aBiblioteca de vanguardia
_9232498
852 _aES-MaACL
_jF-5323
999 _c101666
_d101666